000 01185nem0a2200277 4500
001 RU\NLR\BIBL_A\022701497
005 20260129122023.0
035 _a(NLR Aleph) 022701497
090 _a13533610
_c13533610
100 _a20260129 rusy50
101 0 _arus
102 _aRU
120 _abaa xx||
123 0 _aa
200 1 _aВыборг.
_bКарты
_eТуристская карта-путеводитель
206 _aБ. м-ба
210 _aСанкт-Петербург
_cКомитет по культуре и туризму Лениннградской области
_d[2020-2025?]
215 _a1 к.
_cцв., текст., ил., указ.
_d60х21 см
327 1 _aДоп. карта: Схема проезда в "Монрепо"
509 0 1 _7ca
_aВыборг,
_eЛенинградская обл.
_hгород
_92633722
_3RU\NLR\auth_crt\55548
607 _aВыборг, город (Ленинградская область)
_jКарты
_92137711
_3RU\NLR\AUTH\661593238
608 _aТуристские карты
_91327502
_3RU\NLR\AUTH\66551871
852 _aNLR
_bК
_j4-План 2/3056
_m93373
942 _cMAP
980 _aNB